000 00478nam a2200181Ia 4500
001 8265
005 20260306160556.0
008 260306t2017||||xx |||||||||||||| ||spa||
041 _aESP
082 _a370.1523
_bC12
100 _aCaballero, María
_eAUT
245 0 _aNeuroeducación de profesores y para profesores:
_bde profesor a maestro de cabecera
260 _c2017
300 _a358 páginas :
_c23 cm.
650 _aGEN
654 _aCED
942 _cLIB
_dJUS
_fJUS
_2ddc
_n
999 _c8265
_d8265